000 00762nam a2200181Ia 4500
008 090630s9999 xx 000 0 und d
082 _b14616
100 _aअमृता प्रितम अनु. जोशी पद्रमाकर.
245 _aकामिनी.
_cअमृता प्रितम अनु. जोशी पद्रमाकर.
260 _bश्रीविद्या.
_c1986
300 _a91
600 _aअमृता प्रितम अनु. जोशी पद्रमाकर.
630 _aकामिनी.
655 _aकादंबरी.
700 _aअमृता प्रितम अनु. जोशी पद्रमाकर.
730 _aकामिनी.
942 _cBOOK
999 _c266472
_d266472